000 00686nam a22001937a 4500
005 20231121170743.0
010 _aENG-133865
020 _a9789357053129
_c699.00
035 _aEN-117397
037 _bDBAD/PUB
082 _a621.4023
100 _aSarkar, Amitava
_958945
245 _aIntroduction to Combustion Engineering:
_cBy Amitava Sarkar and Pranab kumar Mondal
_bBasic and Applied/
260 _aNoida
_bPearson India Education Services Pvt. Ltd
270 _a1st Floor, Berger Tower, Plot No. C-001A/2, Sector 16B,
_bUttar Pradesh
_e201301
300 _a541p.
_c24cm(pbk)
700 _a Mondal, Kumar Pranab
_958933
942 _2ddc
_cEN
_h621.4023
_mSAR
999 _c190372
_d190372